01472cam a22003493a 45000010005000000030006000050050017000110080041000280100017000690200024000860200018001100350023001280400030001510420014001810500014001950820011002091000020002202450033002402500044002732600034003173000024003514900022003755200344003976500075007416510047008166550030008636550030008939060045009239420015009689990015009839520124009982975FISKH20240126135948.0020925s2002 nyua j 000 1 eng d a 2003586393 a0439411378 (pbk.) : a9780545392341 a(OCoLC)ocm50673707 aDAJcDAJdOCLCQdDLCbeng alccopycat00aPZ7.G6578 a813.541 aKorman, Gordon.14aThe summit /cGordon Korman. aThis edition first printing, March 2012 aNew York :bScholastic,c2002 a150 pages ;c20 cm.0 aEverest ;vBook 3 a"Four kids are prepared to go into thin air in order to become the youngest person ever to climb Everest. But they are not prepared for the challenges that await them as they get closer to the summit. Supplies are low. Conditions are extreme. One of the kids is trying to sabotage the others. And then the storm hits ..."--P. [4] of cover. 0aMountaineering expeditionszEverest, Mount (China and Nepal)vFiction. 0aEverest, Mount (China and Nepal)vFiction. 7aChildren's stories.2lcsh 7aAdventure fiction.2gsafd a7bcbcccopycatd2encipf20gy-genrareb 2ddccBKn0 c2975d2975 00102ddc40708FICa001b001cTKSFd2024-01-26l0oKOR Fic PZ7.G6578 p2024-0055r2024-01-26 13:59:44w2024-01-26yBK